Kooperácia systému súbežnej slovenskej národnej bibliografie s automatizovanými i neautomatizovanými informačnými systémami v ČSSR a s českou národnou bibliografiou (ideový projekt)

Bibliographic Details
Main Author: Bielik, Miroslav, 1949-2021 (Author)
Format: Book
Language:Slovak
PhysicalDescription:nestr. 4°
Published: Martin Matica slovenská 1979
Subjects:

MARC

LEADER 00000cam a2200000 a 4500
001 vtls010635093
003 SK-MaSNL
005 20260311122157.0
008 250313s1979 xo g 000 0 slo
015 |a SNBA1979 
035 |a AAD02C0C-AB60-4F67-8174-E0392F016F4C 
035 |a urn:nbn:sk:snk-amkd3b 
035 |a urn:nbn:sk:snk-am008bjp 
040 |a SNK  |b slo  |c SNK  |e AACR2 
041 0 |a slo 
043 |a e-cs--- 
044 |a xo  |c SK 
080 |a 015(437.6)  |2 1981 
080 |a 015(437.3)  |2 1981 
080 |a 007+004  |2 1981 
080 |a 004  |2 1981 
080 |a (437)  |2 1981 
080 |a (083.94)  |2 1981 
100 1 |a Bielik, Miroslav,  |d 1949-2021  |4 aut  |9 13236 
245 1 0 |a Kooperácia systému súbežnej slovenskej národnej bibliografie s automatizovanými i neautomatizovanými informačnými systémami v ČSSR a s českou národnou bibliografiou  |b (ideový projekt)  |c Miroslav Bielik 
260 |a Martin  |b Matica slovenská  |c 1979 
300 |a nestr.  |c 4° 
650 0 7 |a súbežná slovenská národná bibliografia  |2 SNKPH  |9 182856 
650 0 7 |a výpočtová technika  |2 SNKPH  |9 1126 
650 0 7 |a informačné systémy  |2 SNKPH  |9 1128 
650 0 7 |a česká národná bibliografia  |2 SNKPH  |9 62526 
651 7 |a Československo  |2 SNKPH  |9 21376 
655 7 |a projekty  |2 SNKPH  |9 70560 
852 |a Slovenská národná knižnica 
958 |a OND 
999 |c 583239  |d 585169 
952 |a SNK  |b SNK  |y PREZ  |7 0  |p 17A1001036  |o snkSB 31696  |i snkKSP 3638/81  |0 0  |1 0  |4 0  |d 2014-11-12  |f 1  |l 0  |r 2025-04-04 00:00:00  |w 2026-02-23 
952 |a SNK  |b SNK  |y PREZ  |7 0  |o snkSB 31696 D1  |i snkKSP 3639/81  |0 0  |1 0  |4 0  |d 2014-11-12  |l 0  |r 2026-02-23 14:58:53  |w 2026-02-23